000 00746cam a2200277 i 4500
003 DO-SdBNP
005 20260129075512.0
007 ta
008 290126s2024 mx 000 f spa d
040 _aDO-SdBNP
_cspa
_dBNPHU
_erda
041 _aspa
082 _axxx
_bH199
_222
100 _985788
245 1 _aHambre de excelencia :
_bsiete principios biblicos presentes en equipos excelente
264 1 _aSanto Domingo :
_bCompassiol,,
_c2024
300 _a84 páginas
_c21 cm.
336 _2rdacontent
_atexto
_btxt
337 _2rdamedia
_asin mediación
_bn
338 _2rdacarrier
_avolumen
_bnc
590 _aInventariado, 2026/DG
650 _985785
650 _985786
650 _985789
910 _aDG
942 _2ddc
_cLBS1
999 _c60154
_d60154